| 000 | 00825nam a22002297a 4500 | ||
|---|---|---|---|
| 999 |
_c1679 _d1679 |
||
| 003 | AR-CdUCM | ||
| 008 | 190227b ||||| |||| 00| 0 spa d | ||
| 040 |
_aMUNICIPALIDAD PROVINCIAL DEL CUSCO _cBIBLIOTECA MUNICIPAL DEL CUSCO |
||
| 041 | _hger | ||
| 082 |
_a086 / _bR94 |
||
| 100 |
_aRumpf, Andreas _96232 |
||
| 245 | _aArqueología / | ||
| 260 |
_aMexico, D.F : _bUnion tipografica editorial hispano Americana, _c1962. |
||
| 300 |
_a205 paginas ; _b12 Láminas. _c17 cm. |
||
| 505 | _aContiene: t.1 -- Introducción. síntesis histórica ... t.2 -- El lenguaje de los arqueólogos, las reproducciones antiguas ... | ||
| 650 |
_aArqueología _9371 |
||
| 650 |
_aLenguaje _95227 |
||
| 650 |
_aReproducciones antiguas _96233 |
||
| 700 |
_aAquino Anjou, Sita J.B. _96234 |
||
| 942 |
_2ddc _cLIBROS |
||
| 945 |
_aacv _d2019-02-27 |
||